000 00952aam a2200349 4500
005 20251117192726.0
008 150303b2007 xxu||||| |||| 00| 0 spa d
020 _a9789974578937
041 _aESP
082 _a363.256.2 F387b
100 _aFerreyro, María Fernanda
_95195
245 _aBalística Manual
260 _aArgentina
260 _bB de F
260 _c2007
300 _a276 páginas
490 _aInvestigación Criminal
650 _aBALÍSTICA
650 _aPERITAJES BALÍSTICOS
650 _aBALÍSTICA EXTERIOR
650 _aBALÍSTICA DE EFECTOS
650 _aFUNCIONAMIENTO DE ARMAS
650 _aIDONEIDAD DE LA MUNICIÓN
650 _aIDENTIFICACIÓN BALÍSTICO
650 _aHUELLAS DE FRACCIÓN
650 _aARMA BLANCA
650 _aPOLÍGONOS DE TIRO
650 _aPERITACIONES SOBRE SONIDO
650 _aCOMPONENTES DEL DISPARO
650 _aDISPAROS ACCIDENTALES
942 _cBK
_2ddc
999 _c7701
_d7701